Laienbrevier des Hackelismus (Record no. 6828)
[ view plain ]
| 000 -CABECERA | |
|---|---|
| campo de control de longitud fija | 00585nam a2200205 a 4500 |
| 001 - NÚMERO DE CONTROL | |
| campo de control | BRCA_7147 |
| 005 - FECHA Y HORA DE LA ÚLTIMA TRANSACCIÓN | |
| campo de control | 20190320205729.0 |
| 008 - DATOS DE LONGITUD FIJA--INFORMACIÓN GENERAL | |
| campo de control de longitud fija | 110112s1912----gw-#######---#000-0#ger-# |
| 041 ## - CÓDIGO DE LENGUA | |
| Código de lengua del texto/banda sonora o título independiente | ger |
| 044 ## - CÓDIGO DEL PAÍS DE LA ENTIDAD EDITORA/PRODUCTORA | |
| Código MARC del país | gw |
| 050 #4 - SIGNATURA TOPOGRÁFICA DE LA BIBLIOTECA DEL CONGRESO | |
| Número de clasificación | PT2453 .R75 |
| Número de documento/Ítem | L35 1912 |
| 245 10 - MENCIÓN DE TÍTULO | |
| Título | Laienbrevier des Hackelismus |
| Resto del título | Jubilaumsausgabe 1862-1882-1912 |
| Mención de responsabilidad, etc. | M. Reymond. |
| 260 ## - PUBLICACIÓN, DISTRIBUCIÓN, ETC. | |
| Lugar de publicación, distribución, etc. | Munchen |
| Nombre del editor, distribuidor, etc. | E. Reinhardt |
| Fecha de publicación, distribución, etc. | 1912 |
| 300 ## - DESCRIPCIÓN FÍSICA | |
| Extensión | 263 p. |
| Dimensiones | 18 cm. |
| 500 ## - NOTA GENERAL | |
| Nota general | P37 |
| 600 14 - PUNTO DE ACCESO ADICIONAL DE MATERIA--NOMBRE DE PERSONA | |
| Nombre de persona | Haeckel, Ernts Heinrich Phillipp August |
| Fechas asociadas al nombre | 1834-1919 |
| Subdivisión general | Antropogenia |
| 9 (RLIN) | 17741 |
| 650 14 - PUNTO DE ACCESO ADICIONAL DE MATERIA--TÉRMINO DE MATERIA | |
| Término de materia o nombre geográfico como elemento de entrada | Evolución |
| 9 (RLIN) | 16651 |
| 902 ## - CATALOGADOR | |
| Iniciales | GFM |
| 942 ## - ELEMENTOS DE PUNTO DE ACCESO ADICIONAL (KOHA) | |
| Fuente del sistema de clasificación o colocación | Library of Congress Classification |
| Tipo de ítem Koha | Libros |
| Estado de retiro | Estado de pérdida | Estado dañado | No para préstamo | Localización permanente | Ubicación/localización actual | Fecha de adquisición | Número de inventario | Total de préstamos | Signatura topográfica completa | Código de barras | Fecha visto por última vez | Precio válido a partir de | Tipo de ítem Koha |
|---|---|---|---|---|---|---|---|---|---|---|---|---|---|
| El ejemplar forma parte de la colección y puede ser consultado según las políticas vigentes. | Biblioteca del Museo Franz Mayer (Rogerio Casas-Alatriste) | Biblioteca del Museo Franz Mayer (Rogerio Casas-Alatriste) | 11/01/2012 | P37 | PT2453 .R75 L35 1912 (P37) | 7594 | 22/03/2019 | 22/03/2019 | Libros |